13 Months of Sunshine - Amine - Statistics

General Stats
  • This quiz has been taken 4 times
  • The average score is 3 of 16
Answer Stats
Answer % Correct
New Flower!
75%
13MOS
50%
Arc De Tromphe
25%
Changer
25%
Cool About It
25%
Familiar
25%
Raspberry Kisses
25%
Temptations
25%
Be Easier On Yourself
0%
Doing The Best I Can
0%
Feels So Good
0%
History
0%
Images
0%
I Think It's You
0%
Sage Time
0%
Vacay
0%
No matching quizzes found
Score Distribution
Percent of People with Each Score
Percentile by Number Answered
Your Score History
You have not taken this quiz